Cheers Quiz - Statistics

General Stats
  • This quiz has been taken 1,354 times
  • The average score is 9 of 10
Answer Stats
Hint Answer % Correct
Retired baseball player and recovering alcoholic Sam Malone
97%
Overweight accountant Norm Peterson
96%
Lovable but pompous psychiatrist Frasier Crane
94%
Simpleminded, retired baseball coach Ernie Pantusso
93%
Diminutive, surly barmaid Carla Tortelli Lebec
92%
Overeducated barmaid Diane Chambers
92%
Motormouth postman Cliff Clavin
91%
Gullible farmboy Woody Tiberius Boyd
90%
Melanin-challenged wife of above Lilith Sternin-Crane
76%
Lovable, gold-digging loser Rebecca Howe
60%
No matching quizzes found
Score Distribution
Percent of People with Each Score
Percentile by Number Answered
Your Score History
You have not taken this quiz